Электродинамика: учебное пособие

Detaylı Bibliyografya
Yazar: Сомов А. М. Анатолий Михайлович
Diğer Yazarlar: Старостин В. В. Владимир Васильевич (редактор), Бенеславский С. Д. Сергей Дмитриевич
Özet:В книге изложены вопросы теории электромагнитных волн под углом зрения применения основных её положений в технике СВЧ и антеннах. Рассмотрены вопросы излучения, распространения, преломления, отражения и возбуждения таких волн в свободном пространстве и в направляющих системах.Для студентов, обучающихся по специальностям 090106 - "Информационная безопасность телекоммуникационных систем", 090107 - "Противодействие техническим разведкам", направлению подготовки 090900 -"Информационная безопасность" (профиль "Безопасность телекоммуникационных систем", будет полезна студентам телекоммуникационных и радиотехнических специальностей, аспирантам и специалистам в области инфокоммуникаций и защиты информации.
Dil:Rusça
Baskı/Yayın Bilgisi: Москва, Горячая линия-Телеком, 2011
Seri Bilgileri:Для высших учебных заведений. Специальность
Konular:
Materyal Türü: MixedMaterials Kitap
KOHA link:https://koha.lib.tpu.ru/cgi-bin/koha/opac-detail.pl?biblionumber=204414

MARC

LEADER 00000nam0a2200000 4500
001 204414
005 20231101225220.0
010 |a 9785991201551 
035 |a (RuTPU)RU\TPU\book\222818 
090 |a 204414 
100 |a 20111123d2011 m y0rusy50 ca 
101 0 |a rus 
102 |a RU 
105 |a a j 001zy 
200 1 |a Электродинамика  |e учебное пособие  |f А. М. Сомов, В. В. Старостин, С. Д. Бенеславский  |g под ред. А. М. Сомова 
210 |a Москва  |c Горячая линия-Телеком  |d 2011 
215 |a 198 с.  |c ил. 
225 1 |a Для высших учебных заведений. Специальность 
320 |a Библиогр.: с. 8. 
330 |a В книге изложены вопросы теории электромагнитных волн под углом зрения применения основных её положений в технике СВЧ и антеннах. Рассмотрены вопросы излучения, распространения, преломления, отражения и возбуждения таких волн в свободном пространстве и в направляющих системах.Для студентов, обучающихся по специальностям 090106 - "Информационная безопасность телекоммуникационных систем", 090107 - "Противодействие техническим разведкам", направлению подготовки 090900 -"Информационная безопасность" (профиль "Безопасность телекоммуникационных систем", будет полезна студентам телекоммуникационных и радиотехнических специальностей, аспирантам и специалистам в области инфокоммуникаций и защиты информации. 
606 1 |a Электродинамика  |2 stltpush  |3 (RuTPU)RU\TPU\subj\19944  |9 45105 
610 1 |a физика 
610 1 |a электрическое поле 
610 1 |a электромагнитные волны 
610 1 |a среды 
610 1 |a плоские волны 
610 1 |a преломление 
610 1 |a отражение 
610 1 |a направляемые волны 
610 1 |a полосковые линии передачи 
610 1 |a коаксиальные линии 
610 1 |a волноводы 
610 1 |a объемные резонаторы 
610 1 |a СВЧ 
610 1 |a антенны 
610 1 |a излучение 
610 1 |a распространение 
610 1 |a учебные пособия 
675 |a 537.8(075.8)  |v 3 
700 1 |a Сомов  |b А. М.  |g Анатолий Михайлович 
701 1 |a Старостин  |b В. В.  |g Владимир Васильевич 
701 1 |a Бенеславский  |b С. Д.  |g Сергей Дмитриевич 
702 1 |a Сомов  |b А. М.  |g Анатолий Михайлович  |4 340 
801 1 |a RU  |b 63413507  |c 20111123 
801 2 |a RU  |b 63413507  |c 20150515  |g RCR 
900 |a Электродинамика 
942 |c BK 
951 |b 090302 
959 |a 96/20111123  |d 5  |e 275,00  |f ЧЗТЛ:1  |f АНЛ:1  |f УФ:3